Sports Quiz

Random Sports Quiz

WWF King Of The Ring Qualifiers Of The 90s Quiz Stats

 Plays Quiz not verified by Sporcle

Challenge
Share
Tweet
Embed
Score 0/119 Timer 20:00
0 Plays Today
Year Wrestler % Correct
1996Owen Hart
98.1%
1998Owen Hart
98.1%
1996Hunter Hearst Helmsley
95.3%
1997Hunter Hearst Helmsley (Winner)
95.3%
1998Triple H
95.3%
1991Bret Hart (Winner)
94.7%
1993Bret Hart (Winner)
94.7%
1996Steve Austin (Winner)
94.2%
1994Owen Hart (Winner)
93%
1995Shawn Michaels
92.7%
1993Razor Ramon
92.5%
1994Razor Ramon
92.5%
1995Razor Ramon
92.5%
19941-2-3 Kid
92.1%
1999Mr. Ass (Winner)
91.2%
1991The Undertaker
90.7%
1995The Undertaker
90.7%
1991Ted Dibiase
90.5%
1998The Rock
90.4%
1994Mabel
88.7%
1995Mabel (Winner)
88.7%
1999Viscera
88.7%
1995The Roadie
87.1%
1999Road Dogg
87.1%
1997Mankind
86.4%
1996Jake Roberts
86.3%
1999The Big Boss Man
86.1%
1993Mr. Perfect
85%
1998X-Pac
84.9%
1999X-Pac
84.9%
1999Ken Shamrock
84.7%
1999Kane
84.4%
1994Jeff Jarrett
83.9%
1995Jeff Jarrett
83.9%
1998Jeff Jarrett
83.9%
1999Jeff Jarrett
83.9%
1998Kama Mustafa
83.3%
1999The Godfather
83.3%
1995Kama
82.2%
1993Papa Shango
80.5%
Year Wrestler % Correct
1995Yokozuna
80.4%
1996Yokozuna
80.4%
1998Ken Shamrock (Winner)
80.4%
1993Bam Bam Bigelow
80.2%
1994Bam Bam Bigelow
80.2%
1991Irwin R. Schyster
79.7%
1994Irwin R. Schyster
79.7%
1993Lex Luger
79.6%
1994Lex Luger
79.6%
1995Lex Luger
79.6%
1994Kwang
79%
1995Savio Vega
79%
1996Savio Vega
79%
1997Savio Vega
79%
1997Jerry Lawler
78.7%
1996Goldust
77.2%
1997Goldust
77.2%
1998Faarooq
76.9%
1994Crush
76.5%
1997Crush
76.5%
1998D'Lo Brown
76%
1996Ahmed Johnson
74.9%
1997Ahmed Johnson
74.9%
1994Sparky Plugg
74.4%
1995Bob Holly
74.4%
1996Bob Holly
74.4%
1999Hardcore Holly
74.4%
1996Vader
73.6%
1998Vader
73.6%
1993Tatanka
73.4%
1994Tatanka
73.4%
1996Justin Bradshaw
71.3%
1993Doink The Clown
70.8%
1994Doink The Clown
70.8%
1995Doink The Clown
70.8%
1996The Ultimate Warrior
70.3%
1999Chyna
70.1%
1996Marc Mero
69.9%
1998Marc Mero
69.9%
1991Animal
69.2%
Year Wrestler % Correct
1991Hawk
69%
1991Jim Duggan
67.9%
1993Jim Duggan
67.9%
1996Marty Jannetty
67.1%
1993Tito Santana
66.9%
1998Mark Henry
66.8%
1999The Big Show
63.7%
1999Al Snow
63.3%
1991Sid Justice
63.1%
1999Val Venis
61.6%
1999Test
57.4%
1993Typhoon
57.1%
1998Dan Severn
56.5%
1996Henry Godwinn
54.6%
1994Scott Steiner
54.5%
1998Steve Blackman
54.3%
1991Virgil
53.3%
1991Jerry Sags
52.7%
1991Brian Knobbs
52.6%
1993Bob Backlund
52.6%
1991The Warlord
51.5%
1995King Kong Bundy
49%
1994Adam Bomb
48.9%
1995Adam Bomb
48.9%
1993Mr. Hughes
48.5%
1996Skip
46.9%
1998Terry Funk
45.2%
1991Skinner
43.5%
1991Ricky Steamboat
40%
1993Giant Gonzales
38.9%
1995Duke Droese
36.4%
1999Droz
35.7%
1993Kamala
35.5%
1991The Berzerker
34.4%
1995Jacob Blu
32.6%
1995Mantaur
30.4%
1998Scorpio
25%
1991Pete Doherty
12.6%
1994Pierre Oulette
11.5%

You're not logged in!

Compare scores with friends on all Sporcle quizzes.
OR
Log In

You Might Also Like...

Show Comments

Extras

Top Quizzes Today


Score Distribution

Your Account Isn't Verified!

In order to create a playlist on Sporcle, you need to verify the email address you used during registration. Go to your Sporcle Settings to finish the process.

Report this User

Report this user for behavior that violates our Community Guidelines.

Details: